000 00628nam a2200229Ia 4500
003 OSt
005 20221007081647.0
006 a|||||r|||| 00| 0
007 ta
008 221006b |||||||| |||| 00| 0 eng d
024 _a25,734
037 _cTextual
040 _aFLL
_cFLL
_beng
041 _2eng
_aeng
082 _aZ:91xM54, F8.2
100 _aFisher H.A.L.
_9111060
245 0 _aCollected papers of Paul Vinogradoff
260 _aOxford
_bAt the Clarendon Press Oxford
_c1928
300 _aviii,1-500p
_ccm.
942 _hZ:91xM54, F8.2
_cTEXL
_2CC
999 _c1163857
_d1163857